000 00504nam a2200169Ia 4500
003 GCL
008 140319s9999 xx 000 0 ara d
040 _aGCL /
_cGCL
082 0 4 _aد
_b050
100 1 _aعبدالستار احمد فراج
245 1 0 _aنديم الخلفاء ( اقرا 109 ) /
_cعبدالستار احمد فراج
300 _a127 ص
490 _aوثائق ونصوص
_v0
650 0 4 _aالحسين بن الضحاك
650 0 4 _aالرجال - تراجم
942 _2ddc
_cCF
999 _c27164
_d27164